00281nam a2200109Ia 4500008004100000100001600041245004500057250000800102260003800110300000800148650001500156191201s2005 xx 000 0 und d aJINDAL, U C 0aAdvanced Topics of Strength of Materials aRep aN. DelhibGalgatia Pub. Pvtc2005 a356 aB.Tech(CE)